Histoire de l'Inde /
保存先:
| 第一著者: | |
|---|---|
| その他の著者: | , |
| フォーマット: | Sách giấy |
| 出版事項: |
Maxcơva :
Tiến bộ ,
1979
|
| タグ: |
タグ追加
タグなし, このレコードへの初めてのタグを付けませんか!
|
| Thư viện lưu trữ: | Thư viện Trường Đại học Đà Lạt |
|---|
| LEADER | 00625nam a2200265 4500 | ||
|---|---|---|---|
| 001 | DLU020017136 | ||
| 005 | ##2/13/2001 | ||
| 020 | # | # | |a 978- |
| 041 | # | # | |f re |
| 082 | # | # | |a 954 |b AN-K |
| 100 | # | # | |a Antonova, K. |
| 245 | # | # | |a Histoire de l'Inde / |c K. Antonova, G. Bongard-Lévine, G. Kotovski |
| 260 | # | # | |a Maxcơva : |b Tiến bộ , |c 1979 |
| 300 | # | # | |a 676 tr.; |c 22 cm. |
| 700 | # | # | |a Bongard-Lévine, G. |
| 700 | # | # | |a Kotovski, G. |
| 992 | # | # | |a 5160 |
| 994 | # | # | |a DLU |
| 900 | # | # | |a False |
| 911 | # | # | |a Administrator |
| 925 | # | # | |a G |
| 926 | # | # | |a A |
| 927 | # | # | |a SH |
| 980 | # | # | |a Thư viện Trường Đại học Đà Lạt |